Departments of Guatemala - Statistics

General Stats
  • This quiz has been taken 13 times
  • The average score is 16 of 22
Answer Stats
Hint Answer % Correct
Departments Guatemala
91%
Departments Alta Verapaz
82%
Departments Baja Verapaz
82%
Departments Chimaltenango
82%
Departments Huehuetenango
82%
Departments Jalapa
82%
Departments Petén
82%
Departments Escuintla
73%
Departments Izabal
73%
Departments Jutiapa
73%
Departments Quetzaltenango
73%
Departments Quiché
73%
Departments Sacatepéquez
73%
Departments Sololá
73%
Departments Chiquimula
64%
Departments El Progreso
64%
Departments San Marcos
64%
Departments Suchitepéquez
64%
Departments Zacapa
64%
Departments Retalhuleu
55%
Departments Santa Rosa
55%
Departments Totonicapán
55%
No matching quizzes found
Score Distribution
Percent of People with Each Score
Percentile by Number Answered
Your Score History
You have not taken this quiz